Statistiques concernant Générique Les Animaniacs - Paroles

Cliquez ici pour prendre le quiz!

Statistiques générales

  • Ce quiz a été pris 24 fois
  • Le résultat moyen est 20 sur 34

Statistiques - réponses

Paroles% Correct
Soyez cool, soyez {relax}
100%
Voici l'heure des {Animaniacs}
100%
On est les {Animaniacs}
95%
Je suis Dot leur {petite} {soeur}
90%
Comme ça n'a pas beaucoup {plu}
75%
On est les {Animaniacs}
75%
Rififi pique une crise de {nerfs}
75%
Sur le {rire} pas de taxe
75%
Y'a Minus et {Cortex}
75%
On a {disjoncté} un max
70%
On est les {Animaniacs}
70%
Pour votre plus grand {bonheur}
70%
Dot vous charme, {Yakko} s'éclaxe
65%
Nous c'est Yakko et {Wakko}
65%
On a joué les {agitateurs}
65%
On est les {Animaniacs}
65%
Qui veulent diriger l'{Univers}
65%
On a {signé} des contraxes
60%
An-i-man-i-{acs}
55%
Ils ont bouclé les {Warner}
55%
Rita déclame des {vers}
55%
{Wakko} est super-voraxe
55%
Les ani-mani, qui sèment la {zizanie}
50%
On s'est {enfui} et nous voici
50%
Pour égayer le {studio}
50%
On s'marre un {max}
45%
Toubeau poursuit {Mindy}
40%
Les {pigeons} font du zèle
35%
On jette leurs {scripts}
35%
Et ça les {désespère}
25%
Et {Bill} {Clinton} joue du sax'
20%
Nos {folies} vous désaxent
20%
Suivez-nous pour faire des {frasques}
15%
Les auteurs {flippent}
10%

Distribution des résultats

Percentile par nombre de réponses

% des personnes avec chaque résultat

Votre développement - résultats

Vous n’avez pas pris ce quiz